Mathematical statistics with applications (Record no. 60382)

000 -LEADER
fixed length control field 01196cam a2200301 a 4500
001 - CONTROL NUMBER
control field 12243908
003 - CONTROL NUMBER IDENTIFIER
control field NUST-PNEC
005 - DATE AND TIME OF LATEST TRANSACTION
control field 20170116180656.0
008 - FIXED-LENGTH DATA ELEMENTS--GENERAL INFORMATION
fixed length control field 001129s2001 caua b 001 0 eng
010 ## - LIBRARY OF CONGRESS CONTROL NUMBER
LC control number 00067506
020 ## - INTERNATIONAL STANDARD BOOK NUMBER
International Standard Book Number 0534377416
040 ## - CATALOGING SOURCE
Transcribing agency PNEC
050 00 - LIBRARY OF CONGRESS CALL NUMBER
Classification number QA276
Item number .M426 2002
082 00 - DEWEY DECIMAL CLASSIFICATION NUMBER
Classification number 519.5 WAC
100 1# - MAIN ENTRY--PERSONAL NAME
Personal name Wackerly, Dennis D.,
Dates associated with a name 1945-
245 10 - TITLE STATEMENT
Title Mathematical statistics with applications
Statement of responsibility, etc. Dennis D. Wackerly, William Mendenhall III, Richard L. Scheaffer.
250 ## - EDITION STATEMENT
Edition statement 6th ed.
260 ## - PUBLICATION, DISTRIBUTION, ETC.
Place of publication, distribution, etc. Pacific Grove, CA :
Name of publisher, distributor, etc. Duxbury,
Date of publication, distribution, etc. c2002.
300 ## - PHYSICAL DESCRIPTION
Extent xvi, 853 p. :
Other physical details ill. ;
Dimensions 24 cm.
500 ## - GENERAL NOTE
General note Includes Index http://www.amazon.com/s/ref=nb_sb_noss?url=search-alias%3Dstripbooks&field-keywords=0534377416&rh=n%3A283155%2Ck%3A0534377416
504 ## - BIBLIOGRAPHY, ETC. NOTE
Bibliography, etc. note Includes bibliographical references and index.
650 #0 - SUBJECT ADDED ENTRY--TOPICAL TERM
Topical term or geographic name entry element Mathematical statistics.
General subdivision MIS, ME
700 1# - ADDED ENTRY--PERSONAL NAME
Personal name Mendenhall, William.
700 1# - ADDED ENTRY--PERSONAL NAME
Personal name Scheaffer, Richard L.
906 ## - LOCAL DATA ELEMENT F, LDF (RLIN)
a 7
b cbc
c orignew
d 1
e ocip
f 20
g y-gencatlg
942 ## - ADDED ENTRY ELEMENTS (KOHA)
Source of classification or shelving scheme
Koha item type Book
Holdings
Withdrawn status Lost status Source of classification or shelving scheme Damaged status Not for loan Permanent Location Current Location Date acquired Source of acquisition Cost, normal purchase price Total Checkouts Full call number Barcode Date last seen Cost, replacement price Price effective from Koha item type
          Pakistan Navy Engineering College (PNEC) Pakistan Navy Engineering College (PNEC) 07/17/2005 Fair Books Centre 5260.00   519.5 WAC PNECLIB-027641 08/30/2014 5260.00 07/17/2005 Book
© 2023 Central Library, National University of Sciences and Technology. All Rights Reserved.